Příležitosti a rizika pro konkurenceschopnost Evropské unie v globálním kontextu
Hodnotenie konkurenčného potenciálu EÚ s využitím medzinárodného porovnávania a štatistických a ďalších údajov. Prednosti EÚ v sociálnej a ekonomickej oblasti. Inovačná výkonnosť v EÚ a v celosvetovom porovnaní. EÚ ako starnúca spoločnosť. Európska únia a migračná kríza.
Saved in:
| Main Author: | |
|---|---|
| Format: | Book Chapter |
| Language: | Czech |
| Subjects: | |
| Tags: |
No Tags, Be the first to tag this record!
|
MARC
| LEADER | 00000naa a2200000 4500 | ||
|---|---|---|---|
| 001 | 0216421 | ||
| 005 | 20220713131246.9 | ||
| 041 | 0 | |a cze | |
| 044 | |a CZ | ||
| 245 | 1 | 0 | |a Příležitosti a rizika pro konkurenceschopnost Evropské unie v globálním kontextu |c Karel Mráček |
| 520 | |a Hodnotenie konkurenčného potenciálu EÚ s využitím medzinárodného porovnávania a štatistických a ďalších údajov. Prednosti EÚ v sociálnej a ekonomickej oblasti. Inovačná výkonnosť v EÚ a v celosvetovom porovnaní. EÚ ako starnúca spoločnosť. Európska únia a migračná kríza. | ||
| 610 | 2 | 0 | |a Európska únia |
| 610 | 2 | 0 | |a porovnanie medzinárodné |
| 610 | 2 | 0 | |a hospodárstvo svetové |
| 610 | 2 | 0 | |a politika hospodárska |
| 610 | 2 | 0 | |a politika sociálna |
| 610 | 2 | 0 | |a prostredie podnikateľské |
| 610 | 2 | 0 | |a výkonnosť ekonomiky |
| 610 | 2 | 0 | |a konkurencieschopnosť |
| 100 | 1 | |a Mráček, Karel | |